| 000 | 00940nam a2200205Ia 4500 | ||
|---|---|---|---|
| 999 |
_c39634 _d39634 |
||
| 001 | 6234 | ||
| 003 | GE_BSU | ||
| 005 | 20190513151237.0 | ||
| 008 | 181216s1980||||ge |||||||||||||| ||geo|| | ||
| 040 | _cGE_BSU | ||
| 041 | _ageo | ||
| 080 | _a69.003.1(076) ზ-97 | ||
| 100 |
_aზურაბიშვილი, ვ. _91064 |
||
| 245 |
_aმშენებლობის ეკონომიკური ანალიზი : _bპრაქტიკულ-მეთოდური სახელმძღვანელო / _cვ. ზურაბიშვილი ; რედ. ც. ქამუშაძე. |
||
| 264 |
_aთბილისი : _bმეცნიერება, _c1980. |
||
| 300 |
_a152 გვ. ; _c20 სმ. |
||
| 653 | _aმშენებლობის ეკონომიკური ანალიზი | ||
| 700 |
_aქამუშაძე, ც. _eრედაქტორი _91065 |
||
| 942 |
_cBK _2udc |
||